000 00341nam a22001577a 4500
003 SGT
020 _a81-85731-25-X
082 _a616.01
_bP16J
100 _aJAIN, N.K
245 _aPHARMACEUTICAL MICROBIOLOGY
250 _a2ND
260 _aNEW DELHI
_bVALLABH. PUB
_c2016
300 _a344
650 _aMICROBIOLOGY
942 _2ddc
_cBK
_026
999 _c9621
_d9621